Normal view MARC view

Entry Personal Name

Number of records used in: 2

001 - CONTROL NUMBER

  • control field: 1528

003 - CONTROL NUMBER IDENTIFIER

  • control field: csc

005 - DATE AND TIME OF LATEST TRANSACTION

  • control field: 20140507162057.0

008 - FIXED-LENGTH DATA ELEMENTS

  • fixed length control field: 130724|| aca||aabn | a|a d

040 ## - CATALOGING SOURCE

  • Original cataloging agency: csc
  • Transcribing agency: csc

100 ## - HEADING--PERSONAL NAME

  • Personal name: O'Brien, Flann,
  • Dates associated with a name: 1911-1966.

670 ## - SOURCE DATA FOUND

  • Source citation: Work cat.: (csc)176: O'Brien, Flann, 1911-1966., The poor mouth (An béal bocht);, [1973]